| 000 | 00575nam a2200205Ia 4500 | ||
|---|---|---|---|
| 003 | GCL | ||
| 008 | 140319s9999 xx 000 0 ara d | ||
| 040 |
_aGCL / _cGCL |
||
| 082 | 0 | 4 |
_aط _b932 _bه ت |
| 100 | 1 | _aهلا حسن | |
| 245 | 1 | 0 |
_aقدماء المصريين / _cهلا حسن |
| 300 | _a16 ص | ||
| 490 |
_aلمحات من تاريخ مصر والعرب _v0 |
||
| 650 | 0 | 4 | _aالفراعنة |
| 650 | 0 | 4 | _aالاثار الفرعونية |
| 650 | 0 | 4 | _aالاهرام |
| 650 | 0 | 4 | _aقدماء المصريين |
| 650 | 0 | 4 | _aحجر رشيد |
| 942 |
_2ddc _cBK |
||
| 999 |
_c51307 _d51307 |
||